Statistics for Participating countries of the Pan American Games

Click here to take the quiz!

General Stats

  • This quiz has been taken 17 times
  • The average score is 39 of 41

Answer Stats

Nations% Correct
Antigua and Barbuda
100%
Argentina
100%
Barbados
100%
Belize
100%
Bolivia
100%
Brazil
100%
Canada
100%
Chile
100%
Colombia
100%
Costa Rica
100%
Cuba
100%
Dominica
100%
Dominican Republic
100%
Ecuador
100%
El Salvador
100%
Guatemala
100%
Honduras
100%
Mexico
100%
Panama
100%
Peru
100%
Trinidad and Tobago
100%
United States
100%
Uruguay
100%
Venezuela
100%
Aruba
94%
Bahamas
94%
Guyana
94%
Jamaica
94%
Nicaragua
94%
Paraguay
94%
Saint Kitts and Nevis
94%
Saint Lucia
94%
Saint Vincent and the Grenadines
94%
Suriname
94%
Haiti
88%
Puerto Rico
88%
Bermuda
82%
Grenada
82%
British Virgin Islands
71%
United States Virgin Islands
71%
Cayman Islands
65%

Score Distribution

Percentile by Number Answered

Percent of People with Each Score

Your Score History

You have not taken this quiz